Giáo trình quản lý chất lượng trong các tổ chức

Cung cấp một số khái niệm tổng quát về chất lượng sản phẩm, về khách hàng, về những nguyên tắc chủ yếu trong quản lý chất lượng cũng như chức năng và phương pháp trong quản lý chất lượng....

ver descrição completa

Na minha lista:
Detalhes bibliográficos
Autor principal: Nguyễn, Đình Phan
Formato: Livro
Idioma:Undetermined
Publicado em: Hà Nội Lao động - Xã hội 2005
Assuntos:
Tags: Adicionar Tag
Sem tags, seja o primeiro a adicionar uma tag!
Thư viện lưu trữ: Trung tâm Học liệu Trường Đại học Cần Thơ
LEADER 00921nam a2200205Ia 4500
001 CTU_121452
008 210402s9999 xx 000 0 und d
020 |c 39500 
082 |a 658.562 
082 |b Ph105 
100 |a Nguyễn, Đình Phan 
245 0 |a Giáo trình quản lý chất lượng trong các tổ chức 
245 0 |c Nguyễn Đình Phan 
260 |a Hà Nội 
260 |b Lao động - Xã hội 
260 |c 2005 
520 |a Cung cấp một số khái niệm tổng quát về chất lượng sản phẩm, về khách hàng, về những nguyên tắc chủ yếu trong quản lý chất lượng cũng như chức năng và phương pháp trong quản lý chất lượng. 
650 |a Total quality management,Quality control 
904 |i Minh 
980 |a Trung tâm Học liệu Trường Đại học Cần Thơ